Väzňova dilema v oblasti bezdrôtovej komunikácie

Aplikáciu hry známej ako väzňova dilema v oblasti bezdrôtovej komunikácie. Teória hier použitá pri analýze konfliktných rozhodovacích situácií medzi živými aj neživými subjektmi.

Guardado en:
Detalles Bibliográficos
Autor principal: Čičková, Zuzana, 1978-
Otros Autores: Zagiba, Matej
Formato: Capítulo de libro
Lenguaje:eslovaco
Materias:
Etiquetas: Agregar Etiqueta
Sin Etiquetas, Sea el primero en etiquetar este registro!

MARC

LEADER 00000naa$a2200000$$$4500
001 0249517
005 20240502074005.8
041 0 |a slo 
044 |a SK 
245 1 0 |a Väzňova dilema v oblasti bezdrôtovej komunikácie  |c Zuzana Čičková, Matej Zagiba 
520 |a Aplikáciu hry známej ako väzňova dilema v oblasti bezdrôtovej komunikácie. Teória hier použitá pri analýze konfliktných rozhodovacích situácií medzi živými aj neživými subjektmi. 
610 2 0 |a teória hier 
610 2 0 |a rozhodovanie 
610 2 0 |a komunikácia 
610 2 0 |a internet vecí 
610 2 0 |a analýza rozhodovacia 
610 2 0 |a prognózy 
100 1 |a Čičková, Zuzana, 1978- 
700 1 |a Zagiba, Matej